00953cam a22002411 4500001001300000003000400013005001700017008004100034010001700075035001900092040002500111041001700136042001200153050001900165100007400184245025400258260007700512300002200589500002500611700004300636740001500679999001700694ne 62000156 DLC20260227111734.0790210s1860 xx 000 0 ger  ane 62000156  a(OCoLC)4637782 aDLCcOCldOCoLCdDLC0 agerarapertur apremarc00aPJ7755.B8bB851 aBūṣīrī, Sharaf al-Dīn Muḥammad ibn Saʻīd,d1213?-1296?04aDie Burda,bein Lobgedicht auf Muhammad von al-Busîrî, neu hrsg. im arabischen Texmit metrischer persischer und türkischer Übersetzung. Ins Deutsche übertragen und mit Anmerkungen versehen von C. A. Ralfs. Bevorwortet von Walter Behrnauer. aWien,bAus der Kaiserlich-Königlichen Hof- und Staatsdruckerei,c1860. a26, 34 p.c26 cm. aAdded t.-p.: arabic.1 aRalfs, C. A.,d1832-1859,eed. and tr.3 aal-Burdah. c45000d45000